000 00987 a2200457 4500
000 BKB
001 137995
005 20200902153345.0
008
010 _a
020 _a9780471889489
082 _a519.55
_bB62F
100 1 _aBloomfield, Peter
110 _a
245 1 _aFourier analysis of time series : an introduction
_cby Bloomfield Peter
250 _a2nd ed.
260 _aNew York
_bJohn Wiley & Sons
_c2000
300 _a261p.
490 _awiley series in probability and statistics
_v
500 _a
600 _a
610 _a
611 _a
630 _aStatistics
650 _a
651 _a
654 _a
690 _aTime-series analysis
690 _aFourier analysis
700 _a
_b
_c
710 _a
_b
_c
711 _a
720 _a
730 _a
740 _a
752 _a
856 _a
_d
_f
904 _a
964 _a
_b
_c
_d
_e
_f
_g
965 _a
999 _c10890
_d10890